00485nam a22001577a 450000500170000001000150001702000260003203500130005803700130007108200160008410000140010024500760011426000420019027000720023230000230030420140908105200.0 aENG-110763 a9788183875059c795.00 aEN-94295 bDBAD/PUB a327.1720954 aSuresh R. aPeace in the Indian ocean :c by Suresh R.ba South Asian perspective / aNew DelhibSerials Publicationsc2012 a4830/24, Prahlad street, Ansari Road, Darya GanjbNew Delhie110002 ax,227p. c22cm(Hb)